01462nam a2200325Ia 4500001001200000003000800012006001900020007001500039008004100054010001700095020002300112040002100135035002000156050002900176082001900205245012700224260004800351300001600399490003500415500016700450504005100617533015200668650004000820650003800860655002900898700003000927710001700957830003600974856012601010ebr10039000CaPaEBRm u cr cn|||||||||010725s2002 enk sb 101 0 eng d z 2001040650 z0333977181 (cloth) aCaPaEBRcCaPaEBR a(OCoLC)5406994414aHG2980.7.A6bB364 2002eb04a332.1/094722100aBanking and monetary policy in Eastern Europeh[electronic resource] :bthe first ten years /cedited by Adalbert Winkler. aHoundmills ;aNew York :bPalgrave,cc2002. axiv, 225 p.1 aStudies in economic transition aThis book is based on papers submitted and discussions held at a conference which took place at Wasserschloss Klaffenbach near Chemnitz, Germany in February 2000. aIncludes bibliographical references and index. aElectronic reproduction.bPalo Alto, Calif. :cebrary,d2009.nAvailable via World Wide Web.nAccess may be limited to ebrary affiliated libraries. 0aBanks and bankingzEurope, Eastern. 0aMonetary policyzEurope, Eastern. 7aElectronic books.2local1 aWinkler, Adalbert,d1962-2 aebrary, Inc. 0aStudies in economic transition.40uhttp://site.ebrary.com/lib/rucke/Doc?id=10039000zAn electronic book accessible through the World Wide Web; click to view